The rough-face girl / (Record no. 3486)

MARC details
000 -LEADER
fixed length control field 01097cam a2200301 a 4500
005 - DATE AND TIME OF LATEST TRANSACTION
control field 20250820104850.0
020 ## - INTERNATIONAL STANDARD BOOK NUMBER
International Standard Book Number 0590169320
040 ## - CATALOGING SOURCE
Original cataloging agency DLC
Transcribing agency DLC
Modifying agency DLC
Language of cataloging eng
050 00 - LIBRARY OF CONGRESS CALL NUMBER
Classification number E99.A349
082 00 - DEWEY DECIMAL CLASSIFICATION NUMBER
Classification number 398.2089973
100 1# - MAIN ENTRY--PERSONAL NAME
Personal name Martin, Rafe
Dates associated with a name 1946-
245 14 - TITLE STATEMENT
Title The rough-face girl /
Statement of responsibility, etc. Rafe Martin ; illustrated by David Shannon
250 ## - EDITION STATEMENT
Edition statement First Scholastic printing , October 1993
260 ## - PUBLICATION, DISTRIBUTION, ETC.
Place of publication, distribution, etc. New York :
Name of publisher, distributor, etc. Scholastic ,
Date of publication, distribution, etc. 1992
300 ## - PHYSICAL DESCRIPTION
Extent 32 unnumbered pages :
Other physical details color illustrations ;
Dimensions 29 cm.
505 ## - FORMATTED CONTENTS NOTE
Formatted contents note M <br/>
520 ## - SUMMARY, ETC.
Summary, etc. In this Algonquin Indian version of the Cinderella story, the Rough-Face Girl and her two beautiful but heartless sisters compete for the affections of the Invisible Being.
521 ## - TARGET AUDIENCE NOTE
Target audience note 540 <br/>
Source Lexile <br/>
521 ## - TARGET AUDIENCE NOTE
Target audience note M <br/>
Source Raz-Plus <br/>
650 #0 - SUBJECT ADDED ENTRY--TOPICAL TERM
Topical term or geographic name entry element Algonquin Indians
General subdivision Folklore.
650 #0 - SUBJECT ADDED ENTRY--TOPICAL TERM
Topical term or geographic name entry element Cinderella (Tale)
650 #1 - SUBJECT ADDED ENTRY--TOPICAL TERM
Topical term or geographic name entry element Algonquin Indians
General subdivision Folklore.
650 #1 - SUBJECT ADDED ENTRY--TOPICAL TERM
Topical term or geographic name entry element Indians of North America
General subdivision Folklore.
700 1# - ADDED ENTRY--PERSONAL NAME
Personal name Shannon, David
Dates associated with a name 1959-
Relator term illustrator
906 ## - LOCAL DATA ELEMENT F, LDF (RLIN)
a 7
b cbc
c orignew
d 1
e ocip
f 19
g y-gencatlg
942 ## - ADDED ENTRY ELEMENTS (KOHA)
Source of classification or shelving scheme Dewey Decimal Classification
Koha item type Books
Suppress in OPAC No
999 ## -
-- 3486
-- 3486
Holdings
Withdrawn status Lost status Source of classification or shelving scheme Damaged status Not for loan Collection Home library Current library Shelving location Date acquired Total Checkouts Full call number Barcode Date last seen Price effective from Koha item type Copy number
    Dewey Decimal Classification     Juvenile Fiction Footprints International School Library Network Toul Kork Campus Footprints International School Library Network Toul Kork Campus TK Primary Library Room(4th Floor), Bookcase 3&4, Shelves 17-32, Yellow Books 11/01/2024   MAR 398.2089973 E99.A349 FISTK01491 11/01/2024 11/01/2024 Books 2
    Dewey Decimal Classification     Juvenile Fiction Footprints International School Library Network Toul Tom Poung Campus Footprints International School Library Network Toul Tom Poung Campus TTP Primary Yellow Bookshelves 03/12/2024   MAR 398.2089973 E99.A349 FISTK02319 03/19/2024 03/12/2024 Books  
    Dewey Decimal Classification     Juvenile Fiction Footprints International School Library Network Toul Tom Poung Campus Footprints International School Library Network Toul Tom Poung Campus TTP Primary Yellow Bookshelves 05/07/2025   MAR 398.2089973 E99.A349 2025-1179 05/07/2025 05/07/2025 Books 3
    Dewey Decimal Classification     Juvenile Fiction Footprints International School Library Network Toul Tom Poung Campus Footprints International School Library Network Toul Tom Poung Campus TTP Primary Yellow Bookshelves 08/20/2025   MAR 398.2089973 E99.A349 FISBK06340 08/20/2025 08/20/2025 Books 4